| 000 | 00345nam a2200145Ia 4500 | ||
|---|---|---|---|
| 008 | 220530s9999 xx 000 0 und d | ||
| 020 | _a8126622555 | ||
| 040 | _aeng | ||
| 100 |
_aIGNOU _961061 |
||
| 245 | _aPEDIATRIC NURSING BNS-107 | ||
| 250 | _aFIRST | ||
| 260 |
_aNAGPUR _bIGNOU _c2004 |
||
| 300 | _a70 | ||
| 650 |
_aCHILD HEALTH NURSING _961062 |
||
| 999 |
_c2412 _d2412 |
||